banner koha

Momento de decisão (Registro n. 339555)

MARC details
000 -LÍDER
fixed length control field 00748nab a2200229 4500
003 - CÓDIGO MARC DA AGÊNCIA CATALOGADORA
Campo de controle BR-BrBNA
005 - DATA E HORA DA ÚLTIMA ATUALIZAÇÃO
Campo de controle 20251223132159.0
008 - CAMPO DE TAMANHO FIXO
fixed length control field 251223b bl.||||| |||| 00| 0 por d
040 ## - FONTE DA CATALOGAÇÃO
Agência catalogadora BR-BrBNA
Idioma da catalogação por
072 ## - CATEGORIA AGRIS
Código AGRIS F01 ; E16 ; J10 ; E70 ; E71
Código do objeto 0120
100 ## - ENTRADA PRINCIPAL - NOME PESSOAL
Nome pessoal Santiago, Darlene
245 ## - TÍTULO PRINCIPAL
Título principal Momento de decisão
Subtítulo Agroeconomia
500 ## - NOTA GERAL
Nota geral 4 illus.
942 ## - ADDED ENTRY ELEMENTS (KOHA)
Koha item type Analítica
650 ## - ASSUNTO - THESAGRO
Cabeçalho tópico ou nome geográfico MILHO
650 ## - ASSUNTO - THESAGRO
Cabeçalho tópico ou nome geográfico SUPERPRODUÇÃO
650 ## - ASSUNTO - THESAGRO
Cabeçalho tópico ou nome geográfico COMERCIALIZAÇÃO
650 ## - ASSUNTO - THESAGRO
Cabeçalho tópico ou nome geográfico EXPORTAÇÃO
650 ## - ASSUNTO - THESAGRO
Cabeçalho tópico ou nome geográfico LOGÍSTICA
773 0# - ENTRADA ANALÍTICA
Host Biblionumber 1706
Registro do item 348082
Imprenta São Paulo-SP Editora Três Ltda - E-mail: luizfsa@revistadinheiro.com.br 2004
Outro identificador 2025-0575
Título Dinheiro Rural (Brazil)
ISSN 1807-3700
Colação v. 9(103) p. 24-26; (May 2013)
Número de controle de registro BR2025005300

Nenhum exemplar disponível.

BINAGRI

Telefone: (61)3218-2567/2388/3357/2097 - binagri@agro.gov.br

Ministério da Agricultura e Pecuária , Esplanada dos Ministérios, Bloco D, Anexo B, Brasília/DF, CEP: 70.043-900